000 00854nam a22002177a 4500
999 _c18339
_d18339
005 20251125232905.0
008 s2537 th tha d
020 _a9747771233
040 _aNALT
041 _atha
245 1 0 _aแบบสัญญามาตรฐาน
260 3 _aกรุงเทพฯ :
_bสำนักงานคณะกรรมการคุ้มครองผู้บริโภค สำนักเลขาธิการนายกรัฐมนตรี,
_c2537
300 _a93 หน้า ;
_b 26 ซม.
650 0 4 _aสัญญา
650 0 4 _aแบบสัญญา
850 _aNALT
856 4 0 _uhttps://hdl.handle.net/20.500.14156/301552
_71
942 _cLB
_2lcc
998 _j25
_k นีลวัสน์ อินทรักษา
090 _aKS36.2 ล761บ 2537